| 000 | 00346nam a2200109Ia 4500 | ||
|---|---|---|---|
| 008 | 220204s9999 xx 000 0 und d | ||
| 082 |
_a678.065:621.852 _bPOT |
||
| 100 | _aPottinger, Marion G | ||
| 245 | 0 | _aEffect of belt materials on performance of radial passenger tires | |
| 260 |
_aNew York _bSociety of automotive engineers _c1975 |
||
| 942 | _cBK | ||
| 999 |
_c43784 _d43784 |
||